|
|
|
|
| LEADER |
02269nam a2200409 a 4500 |
| 001 |
27475220 |
| 003 |
GR-PaULI |
| 008 |
181113s2018 gr a e b 001 0 gre|c |
| 020 |
|
|
|a 9789605862480
|q (χαρτόδ.)
|
| 040 |
|
|
|a GrPaTEI
|b gre
|c GR-PaULI
|
| 050 |
|
4 |
|a HF5718
|b .A87 2018
|
| 082 |
0 |
4 |
|a 651.74
|b ΑΣΠ
|2 22
|
| 082 |
0 |
4 |
|a 658.45
|2 23
|
| 100 |
1 |
|
|a Ασπρίδης, Γεώργιος Μ.,
|d 1971-
|
| 245 |
1 |
0 |
|a Επιχειρησιακές επικοινωνίες :
|b θεωρητική και πρακτική προσέγγιση /
|c Γιώργος Μ. Ασπρίδης, Δημήτρης Τσέλιος, Γιάννης Φ. Ρωσσίδης ; πρόλογος Ευγενία Μπιτσάνη.
|
| 260 |
|
|
|a Αθήνα :
|b Κριτιική,
|c 2018.
|
| 300 |
|
|
|a 256 σ. :
|b εικ., πίν. ;
|c 24 εκ.
|
| 490 |
0 |
|
|a Business / Management ;
|v 82
|
| 504 |
|
|
|a Περιλαμβάνει βιβλιογραφικές παραπομπές.
|
| 650 |
|
0 |
|a Business communication.
|
| 650 |
|
0 |
|a Business report writing
|
| 650 |
|
0 |
|a Commercial correspodence
|
| 650 |
|
4 |
|a Δημόσιες σχέσεις.
|
| 650 |
|
4 |
|a Διοίκηση προσωπικού.
|
| 650 |
|
4 |
|a Εμπορική αλληλογραφία
|
| 650 |
|
4 |
|a Επιχειρησιακά έγγραφα
|
| 650 |
|
4 |
|a Επιχειρησιακή επικοινωνία.
|
| 650 |
|
4 |
|a Πολιτική της επικοινωνίας.
|
| 650 |
|
4 |
|a Πολιτική της επιχείρησης.
|
| 700 |
1 |
|
|a Μπιτσάνη, Ευγενία Π.
|e συγγραφέας προλόγου.
|
| 700 |
1 |
|
|a Ρωσσίδης, Γιάννης Φ.
|e συγγραφέας.
|
| 700 |
1 |
|
|a Τσέλιος, Δημήτρης
|e συγγραφέας.
|
| 942 |
|
|
|2 ddc
|
| 952 |
|
|
|0 0
|1 0
|2 ddc
|4 0
|6 658_450000000000000_ΑΣΠ
|7 0
|9 318926
|a LISK
|b LISK
|c EUD
|d 2021-01-17
|e 24
|f 0
|g 0.00
|l 0
|o 658.45 ΑΣΠ
|p 99241000066462
|r 2021-01-17 00:00:00
|t 1
|w 2021-01-17
|y BK15
|x Purchase/Donation Number
|x General Note
|x GrPaTEI
|
| 952 |
|
|
|0 0
|1 0
|2 ddc
|4 0
|6 658_450000000000000_ΑΣΠ
|7 0
|9 318927
|a PYRG
|b PYRG
|c EUD
|d 2021-01-17
|e 24
|f 0
|g 0.00
|l 0
|o 658.45 ΑΣΠ
|p 99241000066463
|r 2021-01-17 00:00:00
|t 1
|w 2021-01-17
|y BK15
|x Purchase/Donation Number
|x General Note
|x GrPaTEI
|
| 971 |
|
|
|a .b27475220
|b 15-04-20
|c 24-09-18
|
| 999 |
|
|
|c 181131
|d 181131
|